000 00366nam a22001697a 4500
003 UA-OsUOA
001 3686
007 ta
008 20050721b un ||||| |||| 00| 0 ukr d
100 _aShirer
700 _aWilliam L.
942 _cBK
040 _aUA-OsUOA
_cUA-OsUOA
_dUA-OsUOA
245 _aThe Rise and Fall of the Third Reich.
955 _a2
650 7 _2UDC
999 _c289848
_d289848